Score 0/8 Timer 01:00
4 Plays Today
% Correct
Italy
96.7%
Switzerland
95.4%
Germany
93.7%
France
92.9%
Slovenia
92.4%
Austria
90.3%
Liechtenstein
88.8%
Monaco
85.1%
Remove Ads.
Support Sporcle.
Get the best of Sporcle when you Go Orange. This ad-free experience offers more features, more stats, and more fun while also helping to support Sporcle. Thank you for becoming a member.

You're not logged in!

Compare scores with friends on all Sporcle quizzes.
OR
Log In

Show Comments

Extras

Top Quizzes Today


Score Distribution

Your Account Isn't Verified!

In order to create a playlist on Sporcle, you need to verify the email address you used during registration. Go to your Sporcle Settings to finish the process.

Report this User

Report this user for behavior that violates our Community Guidelines.

Details: